000 00508cam a2200181 i 4500
001 37084
003 Mx-PuUPA
005 20251017135037.0
008 140415s1986 xxu 000 0 spa d
020 _a9682002516
040 _cMx-PuUPA
041 0 _aspa
082 0 4 _axx
_bxx
_223
245 _aEnsayos aristotélicos
264 1 _aCiudad de México :
_bPublicaciones Cruz O.,
_c1996
942 _2ddc
_cLI
_hxx
_ixx
999 _c37084
_d37084